International Law/ (Record no. 1430926)

MARC details
000 -LEADER
fixed length control field 00665nam a22002417a 4500
005 - DATE AND TIME OF LATEST TRANSACTION
control field 20250522162957.0
008 - FIXED-LENGTH DATA ELEMENTS--GENERAL INFORMATION
fixed length control field 250522b |||||||| |||| 00| 0 eng d
020 ## - INTERNATIONAL STANDARD BOOK NUMBER
International Standard Book Number 9781009272186
037 ## - SOURCE OF ACQUISITION
Terms of availability LCT
040 ## - CATALOGING SOURCE
Original cataloging agency LCT
Transcribing agency LCT
041 ## - LANGUAGE CODE
Language code of text/sound track or separate title eng
084 ## - COLON CLASSIFICATION NUMBER
Classification number Z1 Q17
100 ## - MAIN ENTRY--PERSONAL NAME
Personal name Shaw, Malcolm N
9 (RLIN) 784706
245 ## - TITLE STATEMENT
Title International Law/
250 ## - EDITION STATEMENT
Edition statement 8th edition
260 ## - PUBLICATION, DISTRIBUTION, ETC.
Place of publication, distribution, etc. New Delhi
Name of publisher, distributor, etc. Cambridge University Press
Date of publication, distribution, etc. 2017
300 ## - PHYSICAL DESCRIPTION
Extent Lxxxviii, 1033p.
650 ## - SUBJECT ADDED ENTRY--TOPICAL TERM
Topical term or geographic name entry element Law
9 (RLIN) 784707
650 ## - SUBJECT ADDED ENTRY--TOPICAL TERM
Topical term or geographic name entry element International Law
9 (RLIN) 784708
650 ## - SUBJECT ADDED ENTRY--TOPICAL TERM
Topical term or geographic name entry element Law of Sea
9 (RLIN) 682969
650 ## - SUBJECT ADDED ENTRY--TOPICAL TERM
Topical term or geographic name entry element Human rights law
9 (RLIN) 784709
942 ## - ADDED ENTRY ELEMENTS (KOHA)
Source of classification or shelving scheme Colon Classification (CC)
Koha item type Textbook
Classification part Z1 Q17
Suppress in OPAC No
Holdings
Withdrawn status Lost status Source of classification or shelving scheme Damaged status Not for loan Collection Home library Current library Shelving location Date acquired Source of acquisition Cost, normal purchase price Inventory number Total Checkouts Full call number Barcode Date last seen Price effective from Koha item type
    Colon Classification (CC)     Non-fiction Law Centre-II Library Law Centre-II Library General Stacks 2025-05-22 Prolific Publication 875.00 149/27.02.1019   Z1 Q17 LT0027130 2025-05-22 2025-05-22 Textbook
    Colon Classification (CC)     Non-fiction Law Centre-II Library Law Centre-II Library General Stacks 2025-05-22 Prolific Publication 875.00 149/27.02.1019   Z1 Q17 LT0027131 2025-05-22 2025-05-22 Textbook
    Colon Classification (CC)     Non-fiction Law Centre-II Library Law Centre-II Library General Stacks 2025-05-22 Prolific Publication 875.00 149/27.02.1019   Z1 Q17 LT0027132 2025-05-22 2025-05-22 Textbook
    Colon Classification (CC)     Non-fiction Law Centre-II Library Law Centre-II Library General Stacks 2025-05-22 Prolific Publication 875.00 149/27.02.1019   Z1 Q17 LT0027133 2025-05-22 2025-05-22 Textbook
    Colon Classification (CC)     Non-fiction Law Centre-II Library Law Centre-II Library General Stacks 2025-05-22 Prolific Publication 875.00 149/27.02.1019   Z1 Q17 LT0027134 2025-05-22 2025-05-22 Textbook
Copyright @ Delhi University Library System